logo

Bir Sreshtho Munshi Abdur Rouf Library
Jhenaidah Cadet College

Shadow beast / (Record no. 4995)

MARC details
000 -LEADER
fixed length control field 00741cam a2200253 a 4500
001 - CONTROL NUMBER
JCCL Control Number 4995
003 - CONTROL NUMBER IDENTIFIER
JCCL marc code BD-JhCC
005 - DATE AND TIME OF LATEST TRANSACTION
control field 20221013134022.0
008 - FIXED-LENGTH DATA ELEMENTS--GENERAL INFORMATION
fixed length control field 041027r20052003enk j 000 1 eng
020 ## - INTERNATIONAL STANDARD BOOK NUMBER
International Standard Book Number 068986101X (cased) :
Terms of availability £6.99
035 ## - SYSTEM CONTROL NUMBER
system control number (BD-JhCC)4995
040 ## - CATALOGING SOURCE
Original cataloging agency StDuBDS
Modifying agency Uk
-- BD-JhCC
041 ## - LANGUAGE CODE
Language code of Book eng
082 04 - DEWEY DECIMAL CLASSIFICATION NUMBER
Classification number 823.914
DDC Edition number 22
Author mark and Year RIC 2004
100 1# - MAIN ENTRY--PERSONAL NAME
Personal name Richards, Justin.
245 10 - TITLE STATEMENT
Title Shadow beast /
Statement of responsibility, etc by Justin Richards.
260 ## - PUBLICATION, DISTRIBUTION, ETC. (IMPRINT)
Place of publication, distribution, etc London :
Name of publisher, distributor, etc Simon and Schuster,
Date of publication, distribution, etc 2005.
300 ## - PHYSICAL DESCRIPTION
Pagination 220 p. ;
Dimensions 19 cm.
490 1# - SERIES STATEMENT
Series statement The Invisible Detective
500 ## - GENERAL NOTE
General note Originally published: London : Pocket, 2003.
650 #0 - SUBJECT ADDED ENTRY--TOPICAL TERM
Topical term or geographic name as entry element Detective and mystery stories.
651 #0 - SUBJECT ADDED ENTRY--GEOGRAPHIC NAME
Geographic name London (England)
Form subdivision Juvenile fiction.
942 ## - ADDED ENTRY ELEMENTS (KOHA)
Source of classification or shelving scheme Dewey Decimal Classification
Koha item type Books
Koha issues (borrowed), all copies 5
Holdings
Source of classification or shelving scheme Damaged status Not for loan Home library Current library Shelving location Date of accession Source of acquisition Cost, normal purchase price Total Checkouts Full call number Barcode Date last seen Date checked out Copy number Koha item type
Dewey Decimal Classification     JCC Rouf Library JCC Rouf Library General Stacks 12/06/2017 Stowe School Library 7.00 13 823.914 RIC 2004 6924 09/01/2024 07/29/2024 C-1 Books

JCC Library | Contacts | JCC Home

Last Update on 23 September 2017
Copyright @ 2017-2020 JCC Rouf Library
Rouf Library, Jhenidah Cadet College (JCC), Bangladesh